Responses for show #2446 - Monday, April 3, 1995

Contestants

Ramona Lauda, a grant specialist from Vienna, Virginia

Scott McGraw, an attorney from Virginia Beach, Virginia

Jack Kuehl, a tutor and ski instructor from Endicott, New York

Jeopardy! Round responses

NATURE
'40s FILM FACTS
BUSINESS & INDUSTRY
U.S.A.
AROUND THE HOUSE
PROVERBS
    $100 15
needles

Scott
    $100 18
(Jack: What is Paris?)

Rome

JackRamona
    $100 1
Caterpillar

Ramona
    $100 2
Louisiana

Jack
    $100 22
quilt

Scott
    $100 7
healthy, wealthy & wise

Ramona
    $200 17
(Jack: What is ---------?)

tongue

JackRamona
    $200 25
Pinocchio

Triple Stumper
    $200 12
trash bags

Scott
    $200 3
mustard

Scott
    $200 30
rack

Ramona
    $200 8
(Scott: What is what can be done today?)

what you can do today

Scott
    $300 21
wasp

Ramona
    $300 26
Dorothy Lamour

Ramona
    $300 13
John Hancock

Scott
    $300 4
fluoride

Scott
    $300 29
terrarium

Jack
    $300 9
patience

Triple Stumper
    $400 20
(Ramona: What is...I'm sorry.)

prickly pear

Ramona
Triple Stumper
    $400 27
Cat People

Ramona
    $400 14
Kodak

Ramona
    $400 5
John Adams & John Quincy Adams

Jack
    $400 23
doily

Ramona
    $400 10
failure

Scott
    $500 19
(Ramona: What is calcium?)
(Alex: We would have accepted calcium carbonate.)

limestone

Ramona
Triple Stumper
    $500 28
Veronica Lake

Ramona
    $500 16
Marriott

Scott
    $500 6
William Jennings Bryan

Scott
    $500 24
foyer

Triple Stumper
    $500 11
(Scott: What is prevention?)

an ounce of prevention

JackScott

Scores at the first commercial break (after clue 15):

Jack Scott Ramona
$1,000 $1,700 $600

Scores at the end of the Jeopardy! Round:

Jack Scott Ramona
$1,000 $2,300 $2,100

Double Jeopardy! Round responses

MEDIEVAL HISTORY
ARTISTS
MYTHOLOGY
AFRICAN CITIES
TEXTILES
WORLD LITERATURE
    $200 1
Wales

Scott
    $200 9
Toulouse-Lautrec

Jack
    $200 30
Achilles

Scott
    $200 29
(Scott: What is Pretoria?)

Johannesburg

ScottRamona
    $200 22
India

Scott
    $200 3
Moby Dick

Ramona
    $400 2
(Scott: What is Scotland?)

Ireland

ScottRamona
    $400 12
Kyoto

Ramona
    $400 27
Styx

Scott
    $400 28
Suez Canal

Scott
    $400 23
tweed

Jack
    $400 5
Mr. Hyde

Scott
    $600 4
Paris

Scott
    $600 13
Hans Holbein

Scott
    $3,000 18
Athena

Ramona
    $600 19
(Ramona: What is Lake Tanganyika?)

Lake Victoria

JackRamona
    $600 24
(Alex: Minute to go.)

denim

Ramona
    $600 6
Upton Sinclair

Scott
    $800 10
Baghdad

Scott
    $800 14
Emile Zola

Scott
    $800 17
(Scott: Who was Midas?)

Priam

ScottRamona
    $800 20
Tanzania

Scott
    $800 25
rayon

Triple Stumper
    $800 7
Saul Bellow

Scott
    $1000 11
Knights Templar

Jack
    $1000 15
dogs

Ramona
    $1000 16
chaos

Ramona
    $1,000 21
(Scott: What is Zambia?)
(Alex: Ramona wished she would have gotten that clue!)

Rwanda

Scott
    $1000 26
corduroy

Ramona
    $1000 8
William Faulkner

Scott

Scores at the end of the Double Jeopardy! Round:

Jack Scott Ramona
$3,200 $7,700 $10,100

[wagering suggestions for these scores]

Final Jeopardy! Round responses

MEN OF MEDICINE
JackWho is Bacon
$3,100
ScottWho is Jenner?
$7,700
RamonaWho is Jenner?
$5,500
Edward Jenner

Final scores:

Jack Scott Ramona
$100 $15,400 $15,600
3rd place: Le Roncato luggage 2nd place: Trip to Hilton Head Island, South Carolina New champion: $15,600

Game dynamics:

Coryat scores:

Jack Scott Ramona
$3,200 $8,700 $7,700
8 R,
2 W
24 R
(including 1 DD),
5 W
(including 1 DD)
21 R
(including 1 DD),
3 W

Combined Coryat: $19,600

The J! Archive is created by fans, for fans. The Jeopardy! game show and all elements thereof, including but not limited to copyright and trademark thereto, are the property of Jeopardy Productions, Inc. and are protected under law. This website is not affiliated with, sponsored by, or operated by Jeopardy Productions, Inc. Join the discussion at JBoard.tv.